| 000 | 00695nam a2200205 a 4500 | ||
|---|---|---|---|
| 005 | 20230420063547.0 | ||
| 008 | 991125s1985 mx 000 0 spa u | ||
| 020 | _a9684092881 | ||
| 035 | _aUPN01000141309 | ||
| 049 | _aCG | ||
| 050 | 4 |
_aLB1590 M6 _bC6.3 |
|
| 100 | 1 | _aColmenares, Margarita | |
| 245 | 1 | 0 |
_aAprendamos a leer y escribir : _bmétodo de enseñanza de las primeras letras en los países de habla castellana / _cMargarita Colmenares. |
| 260 |
_aMéxico : _bEDAMEX, _c1985. |
||
| 300 |
_a173 p. : _bil. |
||
| 650 | 7 |
_aCaligrafía _xEstudio y enseñanza (Elemental) _2 _93084 |
|
| 650 | 4 |
_aEscritura _xEstudio y enseñanza (Elemental) _92804 |
|
| 905 | _aLibro | ||
| 999 |
_c113456 _d113456 |
||